000 00613nam a2200205Ia 4500
003 GCL
008 140319s9999 xx 000 0 ara d
040 _aGCL /
_cGCL
082 0 4 _a621.366
_bع ت
100 1 _aعصام الدين خليل
245 1 0 _aتكنولوجيا الليزر /
_cعصام الدين خليل
260 _a[S.N] :
_bالهيئة المصرية العامة للكتاب ،
_c1988
300 _a63 ص
490 _aالعلم والحياة
_v0
650 0 4 _aالطب
650 0 4 _aاشعة ليزر
650 0 4 _aتكنولوجيا
650 0 4 _aالاشعة
942 _2ddc
_cBK
999 _c54553
_d54553